01575nam a2200337 a 4500001001000000003000500010005001700015008004100032010001100073011001100084040000900095090001000104100003700114245021300151260004100364500006000405502010400465590004100569590004000610590004000650650006200690650003800752650006900790856007000859901000700929942001000936942000600946999001900952952013100971952013501102000113534CHAP20220329144400.0170801s2016 mx sm |||||||spa d a109995 a110967 cCHAP aTesis1 aGallegos Ginori, Ricardo913290013aLa importancia de la producción de carne bovina en el ingreso de los productores de los ejidos de San Carlos y San Antonio Coapa Municipio de Morelia, Michoacánh[En línea]cpor Ricardo Gallegos Ginori. aChapingo, Méx. :bEl autor,c2016. aPara ver el contenido del material haga clic en la liga aTesis (M.C. en Desarrollo Rural Regional) -- UACH. Dirección de Centros Regionales Universitarios aE11695DGDb10c20170801lUCH01h1017 aE5765TAJb05c20170801lUCH01h0923 aE5765TAJb05c20170801lUCH01h092314aGanado de carnexAspectos economicoszMichoacán.94507014aGanado de carnexMercadeo.94509214aGanado vacunoxProducciónxAspectos socioeconómicos.9132901 aFinding aiduhttp://10.13.5.2/tesis/sist113534.pdfzTeclea aquí aBK cTESIS n0 c109995d109995 00104054718TESISaBCbBCd2017-08-01fTESISl0oTesisp113535-10r2019-12-31 00:00:00w2019-12-31yTESISzRecien adquirido 00102local4053708TESISaBCbBCcPA_TESISd2017-08-01fTESISl0oTesisp113535-20r2019-12-31 00:00:00tc.2w2019-12-31yTESIS